| 000 | 00789nam a2200253Ia 4500 | ||
|---|---|---|---|
| 003 | OSt | ||
| 005 | 20221005062024.0 | ||
| 006 | a|||||r|||| 00| 0 | ||
| 007 | ta | ||
| 008 | 221004b |||||||| |||| 00| 0 eng d | ||
| 020 |
_a9780415811927 (hbk) _c695 |
||
| 024 | _a7756 | ||
| 037 |
_b031/2013-14, 17/10/2013, Excel Book International _cTextual |
||
| 040 |
_aCRL _cCRL _beng |
||
| 041 |
_2eng _aeng |
||
| 082 | _aY15:7:7.2, Q3 | ||
| 100 |
_aMadhok Sumi _9467523 |
||
| 245 | 0 |
_aRethinking agency _b Developmentalism, gender and rights |
|
| 260 |
_aLondon _bRoutledge UK _c2013 |
||
| 300 |
_axvi,237p. _ccm. |
||
| 650 | _aSOCIOLOGY | ||
| 942 |
_hY15:7:7.2, Q3 _cTEXL _2cc |
||
| 999 |
_c969088 _d969088 |
||